[Event "Ulaanbaatar Mica op"]
[Site "Ulaanbaatar"]
[Date "2022.06.21"]
[Round "8"]
[White "Batmanlai, Munkhzul"]
[Black "Enkhbat, Tsendragchaa"]
[Result "1/2-1/2"]
[WhiteElo "1479"]
[BlackElo "2036"]
[PlyCount "99"]
[EventDate "2022.06.17"]
[EventType "swiss"]
[EventRounds "9"]
[EventCountry "MGL"]
[SourceTitle "EXT 2023"]
[Source "ChessBase"]
[SourceDate "2022.10.05"]
[SourceVersion "1"]
[SourceVersionDate "2022.10.05"]
[SourceQuality "1"]

1. e4 c5 2. Nf3 d6 3. d4 cxd4 4. Nxd4 Nf6 5. Nc3 g6 6. Be3 Bg7 7. f3 Nc6 8. Bc4 0-0 9. Qd2 Nxd4 10. Bxd4 Be6 11. Be2 Qa5 12. 0-0 Nd7 13. Bxg7 Kxg7 14. a3 Rac8 15. Kh1 a6 16. f4 Kg8 17. f5 Bc4 18. Bxc4 Rxc4 19. fxg6 hxg6 20. Qe2 Rxc3 21. bxc3 Qxc3 22. Qd3 Rc8 23. Qd5 Nf6 24. Qxb7 Rc7 25. Qxa6 Qe5 26. Qe2 Nxe4 27. Rfe1 f5 28. a4 Kg7 29. Qb5 Qd4 30. Rxe4 Qxe4 31. Qb2+ e5 32. Qb3 Rxc2 33. Rg1 Rc5 34. Qa3 Qd5 35. h3 Rc2 36. Qb4 f4 37. Qb1 Rc3 38. Kh2 Qb3 39. Qa1 Rc2 40. Qd1 Qg3+ 41. Kh1 Rc6 42. Qd5 Qc3 43. Qe6 Qc4 44. Qd7+ Kh6 45. Qe7 Qd5 46. Qf8+ Kg5 47. Qe7+ Kh6 48. Qf8+ Kh5 49. Qh8+ Kg5 50. Qd8+ 1/2-1/2

[Event "Ulaanbaatar Mica op"]
[Site "Ulaanbaatar"]
[Date "2022.06.20"]
[Round "6"]
[White "Amgalantengis, Enkh Amgalan"]
[Black "Enkhbat, Tsendragchaa"]
[Result "1-0"]
[WhiteElo "1878"]
[BlackElo "2036"]
[PlyCount "125"]
[EventDate "2022.06.17"]
[EventType "swiss"]
[EventRounds "9"]
[EventCountry "MGL"]
[SourceTitle "EXT 2023"]
[Source "ChessBase"]
[SourceDate "2022.10.05"]
[SourceVersion "1"]
[SourceVersionDate "2022.10.05"]
[SourceQuality "1"]

1. d4 d5 2. c4 e6 3. Nc3 c5 4. cxd5 exd5 5. Nf3 Nc6 6. g3 Nf6 7. Bg2 Be7 8. 0-0 0-0 9. Bg5 cxd4 10. Nxd4 h6 11. Be3 Bg4 12. Rc1 Qd7 13. Re1 Rfe8 14. Qb3 Na5 15. Qb5 Nc4 16. Bf4 g5 17. Qxd7 Bxd7 18. Bc7 Bb4 19. b3 Rac8 20. bxc4 Rxc7 21. Nxd5 Nxd5 22. cxd5 Rec8 23. Rxc7 Rxc7 24. Rb1 a5 25. Be4 Bh3 26. Rd1 Rc4 27. Bg2 Bd7 28. e3 Rc3 29. Bf1 Bc5 30. Bb5 Bg4 31. Ne2 Rc2 32. Rc1 Rxa2 33. Rxc5 Bxe2 34. Bxe2 Rxe2 35. Rxa5 Rb2 36. g4 Kf8 37. d6 Rd2 38. Ra8+ Kg7 39. Rd8 Kf6 40. Rd7 b6 41. Kg2 Ke6 42. Re7+ Kf6 43. Rd7 Ke6 44. Re7+ Kxd6 45. Rxf7 b5 46. Rf6+ Kd7 47. Rxh6 Rd6 48. Rh5 Rd5 49. e4 Rc5 50. Rh3 Rc4 51. Rb3 Rxe4 52. Rxb5 Rxg4+ 53. Kf1 Rh4 54. Kg2 g4 55. Rd5+ Kc6 56. Rd2 Rh3 57. Rd4 Ra3 58. Rxg4 Kd5 59. Rg3 Ra1 60. Re3 Ra4 61. Kg3 Rb4 62. Re8 Ra4 63. h4 1-0

[Event "Ulaanbaatar Mica op"]
[Site "Ulaanbaatar"]
[Date "2022.06.17"]
[Round "1"]
[White "Enkhbat, Tsendragchaa"]
[Black "Enkhuyanga, Gantsolmon"]
[Result "1-0"]
[WhiteElo "2036"]
[BlackElo "1234"]
[PlyCount "99"]
[EventDate "2022.06.17"]
[EventType "swiss"]
[EventRounds "9"]
[EventCountry "MGL"]
[SourceTitle "EXT 2023"]
[Source "ChessBase"]
[SourceDate "2022.10.05"]
[SourceVersion "1"]
[SourceVersionDate "2022.10.05"]
[SourceQuality "1"]

1. e4 d6 2. d4 Nf6 3. Nc3 e5 4. dxe5 dxe5 5. Qxd8+ Kxd8 6. b3 Bb4 7. Bb2 Ke7 8. f3 Be6 9. 0-0-0 c6 10. Bd3 Nbd7 11. Nge2 Rhd8 12. Nb1 Ne8 13. g4 f6 14. h4 Nc5 15. g5 Nxd3+ 16. cxd3 a5 17. d4 exd4 18. Nxd4 c5 19. Nxe6 Kxe6 20. a3 b5 21. Rxd8 Rxd8 22. Rd1 Nd6 23. axb4 cxb4 24. Rd4 Rc8+ 25. Kd1 Nb7 26. Nd2 Rd8 27. f4 Rxd4 28. Bxd4 a4 29. f5+ Kf7 30. Kc2 Na5 31. Bc5 Nc6 32. Nf3 g6 33. Nd4 Ne5 34. Bxb4 axb3+ 35. Kxb3 Nd3 36. Nxb5 Nf2 37. Nd6+ Kg7 38. Ne8+ Kf7 39. Nxf6 Kg7 40. Bc3 Kf7 41. Kc2 Nh3 42. Be5 Ng1 43. Kd3 Nf3 44. Bg3 gxf5 45. exf5 h6 46. Ne4 Kg7 47. Ke3 Ng1 48. Be5+ Kh7 49. g6+ Kg8 50. f6 1-0

[Event "Ulaanbaatar Mica op 2nd"]
[Site "Ulaanbaatar"]
[Date "2022.03.27"]
[Round "8"]
[White "Jannur, Kupjasar"]
[Black "Enkhbat, Tsendragchaa"]
[Result "0-1"]
[WhiteElo "1517"]
[BlackElo "2085"]
[PlyCount "53"]
[EventDate "2022.03.23"]
[EventType "swiss"]
[EventRounds "9"]
[EventCountry "MGL"]
[SourceTitle "CBM 207 Extra"]
[Source "ChessBase"]
[SourceDate "2022.05.31"]
[SourceVersion "1"]
[SourceVersionDate "2022.05.31"]
[SourceQuality "1"]

1. e4 e5 2. Nf3 Nc6 3. Nc3 Nf6 4. d4 exd4 5. Nxd4 Bb4 6. Nxc6 bxc6 7. Bd3 0-0 8. 0-0 d5 9. exd5 cxd5 10. Ne2 Bd6 11. Bg5 Bxh2+ 12. Kh1 Be5 13. c3 Rb8 14. Qc2 h6 15. Bh4 Re8 16. f4 Bd6 17. Nd4 Bd7 18. Nf5 Bxf5 19. Bxf5 Be7 20. Bf2 c5 21. Rad1 Qc7 22. Qc1 g6 23. Bb1 Rbd8 24. Bg1 Bd6 25. Rf3 Bf8 26. Qc2 Ne4 27. g3 0-1

[Event "Abaza op"]
[Site "Abaza"]
[Date "2012.07.29"]
[Round "9"]
[White "Enkhbat, Tsendragchaa"]
[Black "Anikonov, Dmitry"]
[Result "0-1"]
[WhiteElo "2265"]
[BlackElo "2040"]
[PlyCount "54"]
[EventDate "2012.07.21"]
[EventType "swiss"]
[EventRounds "9"]
[EventCountry "RUS"]
[SourceTitle "CBM 149 Extra"]
[Source "ChessBase"]
[SourceDate "2012.08.24"]
[SourceVersion "1"]
[SourceVersionDate "2012.08.24"]
[SourceQuality "1"]

1. e4 d6 2. d4 Nf6 3. Nc3 e5 4. Nf3 Nbd7 5. Bc4 Be7 6. 0-0 0-0 7. h3 c6 8. a4 Nxe4 9. Nxe4 d5 10. Nxe5 Nxe5 11. dxe5 dxe4 12. Be3 Qc7 13. Bd4 Rd8 14. Qh5 g6 15. Bxf7+ Kg7 16. e6+ Rxd4 17. Qe2 Qe5 18. f4 Qf6 19. f5 gxf5 20. Qe3 Rd5 21. Qg3+ Qg5 22. Qc3+ Bf6 23. Qb4 Rd2 24. Rf2 e3 25. Rxd2 exd2 26. Kh1 Qe3 27. Rf1 Qe2 0-1

[Event "Abaza op"]
[Site "Abaza"]
[Date "2012.07.23"]
[Round "3"]
[White "Kostyleva, Alexandra"]
[Black "Enkhbat, Tsendragchaa"]
[Result "0-1"]
[WhiteElo "1875"]
[BlackElo "2265"]
[PlyCount "90"]
[EventDate "2012.07.21"]
[EventType "swiss"]
[EventRounds "9"]
[EventCountry "RUS"]
[SourceTitle "CBM 149 Extra"]
[Source "ChessBase"]
[SourceDate "2012.08.24"]
[SourceVersion "1"]
[SourceVersionDate "2012.08.24"]
[SourceQuality "1"]

1. Nf3 Nf6 2. g3 g6 3. Bg2 Bg7 4. d4 d5 5. c4 0-0 6. 0-0 Nc6 7. cxd5 Nxd5 8. e4 Nb6 9. d5 Na5 10. Nc3 c6 11. dxc6 Nxc6 12. Qe2 Bg4 13. Be3 Bxc3 14. bxc3 Ne5 15. h3 Nxf3+ 16. Bxf3 Bxf3 17. Qxf3 Qc8 18. Bh6 Rd8 19. Kg2 Qe6 20. Qe2 Rac8 21. Rfd1 Rd5 22. h4 f5 23. Rxd5 Nxd5 24. Re1 Qxe4+ 25. Qxe4 fxe4 26. Rxe4 Rxc3 27. Re5 Rd3 28. h5 Kf7 29. hxg6+ hxg6 30. Re2 b5 31. Rb2 b4 32. Bd2 a5 33. Kf1 e5 34. Ke2 Ra3 35. Kd1 Ke6 36. Kc1 Kf5 37. Be1 Nc3 38. Bxc3 Rxc3+ 39. Kd2 Ke4 40. Ke2 Kd4 41. Rd2+ Kc4 42. Rb2 a4 43. Kd2 a3 44. Rc2 Rxc2+ 45. Kxc2 e4 0-1

[Event "USA tt"]
[Site "ICC INT"]
[Date "2009.11.04"]
[Round "10"]
[White "Enkhbat, Tsendragchaa"]
[Black "Andrews, Todd D"]
[Result "1/2-1/2"]
[WhiteElo "2253"]
[BlackElo "2337"]
[PlyCount "136"]
[EventDate "2009.08.31"]
[EventType "team (rapid)"]
[EventRounds "10"]
[EventCountry "USA"]
[SourceTitle "EXT 2010"]
[Source "ChessBase"]
[SourceDate "2010.11.25"]
[SourceVersion "1"]
[SourceVersionDate "2010.11.25"]
[SourceQuality "1"]

1. d4 d5 2. c4 e5 3. dxe5 d4 4. Nf3 Nc6 5. g3 Nge7 6. Bg2 Ng6 7. Qa4 Qd7 8. 0-0 Ngxe5 9. Nxe5 Nxe5 10. Qxd7+ Bxd7 11. Bxb7 Rb8 12. Bd5 c6 13. Bg2 Nxc4 14. b3 Ne5 15. Bf4 f6 16. Nd2 Rb6 17. Rfd1 Bb4 18. Ne4 Nf7 19. Rxd4 c5 20. Rdd1 f5 21. Ng5 Bb5 22. Nxf7 Kxf7 23. Bd5+ Kf6 24. Bc4 Bxc4 25. bxc4 Re8 26. Kf1 g5 27. Be3 Re4 28. a3 Bc3 29. Rac1 Bb2 30. Bxc5 Bxc1 31. Bxb6 Rxc4 32. Bxa7 Bxa3 33. Rd7 Be7 34. Rb7 Ra4 35. h3 h6 36. e3 Ra6 37. Bd4+ Ke6 38. Rb5 Bf6 39. g4 fxg4 40. Bxf6 Kxf6 41. hxg4 Ra4 42. Rb6+ Kg7 43. f3 Ra2 44. Rd6 Rh2 45. Ke1 Kf7 46. Rd2 Rh1+ 47. Ke2 h5 48. gxh5 Rxh5 49. Rd6 Rh3 50. Kf2 Kg7 51. e4 Rh8 52. Kg3 Rf8 53. Re6 Rf4 54. Ra6 Kf7 55. Rh6 Kg7 56. Rh1 Kf7 57. Rg1 Kf6 58. Kf2 Rh4 59. Ra1 Rh8 60. Ra6+ Kg7 61. Ke3 Rf8 62. Rd6 Rf4 63. e5 Rf5 64. Rd7+ Kg6 65. Ke4 Rf4+ 66. Ke3 Rf5 67. Ke4 Rf4+ 68. Ke3 Rf5 1/2-1/2

[Event "USA tt"]
[Site "ICC INT"]
[Date "2009.10.19"]
[Round "8"]
[White "Enkhbat, Tsendragchaa"]
[Black "Bartell, Thomas"]
[Result "1/2-1/2"]
[WhiteElo "2253"]
[BlackElo "2368"]
[PlyCount "70"]
[EventDate "2009.08.31"]
[EventType "team (rapid)"]
[EventRounds "10"]
[EventCountry "USA"]
[SourceTitle "CBM 132 Extra"]
[Source "ChessBase"]
[SourceDate "2009.11.03"]
[SourceVersion "1"]
[SourceVersionDate "2009.11.03"]
[SourceQuality "1"]

1. d4 Nf6 2. c4 e6 3. g3 d5 4. Nf3 Be7 5. Bg2 0-0 6. 0-0 dxc4 7. Qc2 a6 8. Qxc4 b5 9. Qc2 Bb7 10. Bd2 Nc6 11. e3 Nb4 12. Bxb4 Bxb4 13. a3 Bd6 14. Nbd2 Qe7 15. Rfc1 Rfc8 16. Nb3 Be4 17. Qd1 c5 18. Nxc5 Bxc5 19. dxc5 Rxc5 20. Rxc5 Qxc5 21. Rc1 Qb6 22. Ne5 Rd8 23. Qe2 Qd6 24. Nc6 Qd2 25. Qxd2 Rxd2 26. Ne5 g5 27. Bxe4 Nxe4 28. f3 Nd6 29. b4 Re2 30. e4 Ra2 31. Rc6 Nc4 32. Nxc4 bxc4 33. Rxc4 Rxa3 34. Kg2 Kg7 35. g4 Ra4 1/2-1/2

[Event "Olympiad-30"]
[Site "Manila"]
[Date "1992.06.21"]
[Round "12.2"]
[White "Wong, Meng Kong"]
[Black "Enkhbat, Tsendragchaa"]
[Result "1-0"]
[WhiteElo "2415"]
[BlackElo "2300"]
[PlyCount "103"]
[EventDate "1992.06.08"]
[EventType "team-swiss"]
[EventRounds "14"]
[EventCountry "PHI"]
[SourceTitle "TD"]
[Source "ChessBase"]
[SourceDate "1994.03.01"]
[SourceVersion "1"]
[SourceVersionDate "1994.03.01"]
[SourceQuality "1"]
[WhiteTeam "Singapore"]
[BlackTeam "Mongolia"]
[WhiteTeamCountry "SIN"]
[BlackTeamCountry "MGL"]

1. e4 c5 2. Nf3 Nc6 3. d4 cxd4 4. Nxd4 Nf6 5. Nc3 d6 6. Bg5 e6 7. Qd2 a6 8. 0-0-0 Bd7 9. Kb1 b5 10. f3 Rc8 11. Nxc6 Bxc6 12. Bd3 Qb6 13. Rhe1 b4 14. Bxf6 gxf6 15. Nd5 Bxd5 16. exd5 e5 17. Bf5 Rc5 18. Re4 a5 19. Rh4 h5 20. f4 Be7 21. Qe2 Qb5 22. Bd3 Qd7 23. Rxh5 Rxh5 24. Qxh5 Rxd5 25. Re1 Bf8 26. Bf5 Qc7 27. Qf3 Rd4 28. g4 Bh6 29. fxe5 dxe5 30. Bd3 Bf4 31. h4 Ke7 32. Rf1 a4 33. g5 Qd7 34. g6 fxg6 35. Bxg6 Qd5 36. Qh5 Kd6 37. Qe2 Ke7 38. Bd3 Qe6 39. c3 bxc3 40. bxc3 Qb6+ 41. Ka1 a3 42. Rb1 Qd8 43. Bf5 Qc7 44. Qc2 Rc4 45. Qg2 Kd6 46. Qa8 Rxc3 47. Qf8+ Kd5 48. Rd1+ Kc4 49. Qg8+ Kc5 50. Qd5+ Kb6 51. Rb1+ Ka7 52. Be4 1-0

[Event "Olympiad-30"]
[Site "Manila"]
[Date "1992.06.11"]
[Round "4.2"]
[White "Enkhbat, Tsendragchaa"]
[Black "Ravi, Lanka"]
[Result "1-0"]
[WhiteElo "2300"]
[BlackElo "2370"]
[PlyCount "74"]
[EventDate "1992.06.08"]
[EventType "team-swiss"]
[EventRounds "14"]
[EventCountry "PHI"]
[SourceTitle "TD"]
[Source "ChessBase"]
[SourceDate "1994.03.01"]
[SourceVersion "1"]
[SourceVersionDate "1994.03.01"]
[SourceQuality "1"]
[WhiteTeam "Mongolia"]
[BlackTeam "India"]
[WhiteTeamCountry "MGL"]
[BlackTeamCountry "IND"]

1. e4 c6 2. d4 d5 3. Nd2 dxe4 4. Nxe4 Bf5 5. Ng3 Bg6 6. h4 h6 7. Nf3 Nd7 8. h5 Bh7 9. Bd3 Bxd3 10. Qxd3 Qc7 11. Bd2 Ngf6 12. 0-0-0 e6 13. Ne4 0-0-0 14. g3 Nc5 15. Nxc5 Bxc5 16. Qe2 Bd6 17. Kb1 Rhe8 18. c4 Qe7 19. Ne5 Qf8 20. f4 Qg8 21. g4 Qh7+ 22. Kc1 Re7 23. Rhe1 Nd7 24. Qf3 Nxe5 25. fxe5 Bc7 26. Bc3 Red7 27. Qe4 Qxe4 28. Rxe4 c5 29. d5 exd5 30. cxd5 Rxd5 31. Rxd5 Rxd5 32. e6 fxe6 33. Bxg7 Kd7 34. Bxh6 Bd8 35. Rf4 b5 36. Rf7+ Kc6 37. Bf4 Bg5 1-0